000 00293nam a2200109Ia 4500
008 180116s9999 xx 000 0 und d
020 _a9781285429106
245 _cMary K. Campbell, Shawn O. Farrell
_aBiochemistry
250 _a8th ed
260 _bCengage Learning
_c2015
300 _a117 pages
999 _c353275
_d353275